LDR 01027naa#a2200181#i#450# 001 RU\\bibl\115916 005 20260430131329.4 011 ## _a1994-4683 100 ## _a20260429b2026####ek#y0rusy0150####ca 102 ## _aRU 200 1# _aПрогнозирование карьеры хоккеистов на основе методов искусственного интеллекта как элемент системы управления персоналом спортивного клуба _eЖурнальная статья 210 1# _aМосква _cНациональный государственный Университет физической культуры, спорта и здоровья им. П.Ф. Лесгафта _d2026 215 ## _a5 с. 608 ## _aЖурнальная статья _2local 675 ## _aХоккей на льду с шайбой. 796.966 _z 700 #1 _aМихайлова _gЕлена Янверовна 700 #1 _aСаакян _gАртур Овсепович 856 4# _auchzapiski.lesgaft.spb.ru _u